Cambridge Checkpoint Mathematics Practice Book 9 / (Record no. 5854)

MARC details
000 -LEADER
fixed length control field 01134nam a22002417a 4500
001 - CONTROL NUMBER
control field 5854
003 - CONTROL NUMBER IDENTIFIER
control field FISKH
005 - DATE AND TIME OF LATEST TRANSACTION
control field 20250124153132.0
008 - FIXED-LENGTH DATA ELEMENTS--GENERAL INFORMATION
fixed length control field 250124b cb ||||| |||| 00| 0 eng d
020 ## - INTERNATIONAL STANDARD BOOK NUMBER
International Standard Book Number 9781107698994
040 ## - CATALOGING SOURCE
Original cataloging agency FISKH
Language of cataloging eng
Transcribing agency FISKH
Modifying agency FISKH
050 ## - LIBRARY OF CONGRESS CALL NUMBER
Classification number PZ7
082 ## - DEWEY DECIMAL CLASSIFICATION NUMBER
Classification number 510
100 ## - MAIN ENTRY--PERSONAL NAME
Personal name Byrd, Greg
245 ## - TITLE STATEMENT
Title Cambridge Checkpoint Mathematics Practice Book 9 /
Statement of responsibility, etc. By Greg Byrd, Lynn Byrd and Chris Pearce
260 ## - PUBLICATION, DISTRIBUTION, ETC.
Place of publication, distribution, etc. Cambridge :
Name of publisher, distributor, etc. Cambridge University Press ,
Date of publication, distribution, etc. 2013.
300 ## - PHYSICAL DESCRIPTION
Extent 96 pages :
Other physical details illustrations ;
Dimensions 28 cm.
520 ## - SUMMARY, ETC.
Summary, etc. Written by well-respected authors, the Cambridge Checkpoint Mathematics suite provides a comprehensive structured resource which covers the full Cambridge Secondary 1 Mathematics framework in three stages. This Practice Book for Stage 9 contains further exercise questions for practice in the classroom or at home. It provides coverage of the Problem Solving section of the framework, with questions relating to these framework statements highlighted.
700 ## - ADDED ENTRY--PERSONAL NAME
Personal name Byrd, Lynn
Relator term author
700 ## - ADDED ENTRY--PERSONAL NAME
Personal name Pearce, Chris
Relator term author
942 ## - ADDED ENTRY ELEMENTS (KOHA)
Source of classification or shelving scheme Dewey Decimal Classification
Koha item type Books
Suppress in OPAC No
Holdings
Withdrawn status Lost status Source of classification or shelving scheme Damaged status Not for loan Collection Home library Current library Shelving location Date acquired Total Checkouts Full call number Barcode Date last seen Price effective from Koha item type
    Dewey Decimal Classification     Non-Fiction Footprints International School Library Network Toul Kork Campus Footprints International School Library Network Toul Kork Campus TTP Secondary Non-Fiction Bookshelves 01/24/2025   BYR PZ7 510 2025-0095 01/24/2025 01/24/2025 Books